00368nam a2200145Ia 450000100060000000800410000602000180004704000130006508200160007810000200009424500500011426000400016430000110020454600070021567408150604s9999 xx 000 0 und d a9780711232341 cPK-LaUMT a 712bJEN-U aJencks, Charles 4aThe universe in the lanscapecJencks, Charles aLondon,UK:bFrances Lincholn,c2011 a288 p. aEN